000
00387nam a2200145Ia 4500
008
100204s9999 xx 000 0 und d
082
_b
3784
100
_a
जोगळेकर योगिनी
245
_a
शह
260
_b
"उदयदीप प्रकाशन , मुंबई"
_c
1980
300
_a
220
630
_a
शह
730
_a
शह
942
_c
BOOK
999
_c
448677
_d
448674